BIBLIOTHÈQUE DE LA MAISON DU MEXIQUE

Logo 1 Logo 2

El héroe de las mil caras (notice nᵒ 12417)

détails MARC
000 -Sello discográfico
campo de control de longitud fija 01165nam a2200337 4500
005 - Identificación de versión
campo de control 20251016083748.0
035 ## - Otros números de control del sistema
Número de control del sistema 8200
099 ## - fechas locales
Tipo de ítem Koha LIBRO
100 ## - Datos de procesamiento general
Datos de procesamiento general 19930801d19721959m y1spay5003 ba
101 1# - Idioma del recurso
Idioma del texto, banda sonora, etc. Español; Castellano
Idioma de la obra original Inglés
105 ## - Campo de datos codificados: Material textual, monográfico
Datos codificados de monografía a 001zy
200 1# - Título y mención de responsabilidad
Título propio El héroe de las mil caras
Designación general del material texto impreso
Otra información del título psicoanálisis del mito
Primer mención de responsabilidad Joseph Campbell
Declaración de responsabilidad subsiguiente traducción de Luisa Josefina Hernández
205 ## - Declaración de edición
Declaración de edición 1a reimpr de la 1a ed
210 ## - Publicación, distribución, etc.
Lugar de publicación, distribución, etc. México
Nombre del editor, distribuidor, etc. Fondo de Cultura Económica
Fecha de publicación, distribución, etc. 1972
215 ## - Descripción física
Designación de material específico y extensión del ítem 372 p
Otras características físicas il.
Dimensiones 21 cm
300 ## - Notas generales
Texto de la nota Traducción de : The Hero with a Thousand Faces
345 ## - Nota de información de adquisición
Fuente de adquisición/dirección de la suscripción [OBSOLETO] Donación
410 #1 - Series
Título Biblioteca de Psicología y Psicoanálisis
606 ## - Término temático usado como materia
Elemento de entrada Mitología
Subdivisión temática Alocuciones, ensayos y conferencias
Número Koha 19103
606 ## - Término temático usado como materia
Elemento de entrada Psicoanálisis
Número Koha 3844
606 ## - Término temático usado como materia
Elemento de entrada Psicología religiosa
Número Koha 19104
700 ## - Nombre personal - Responsabilidad primaria
Elemento de entrada Campbell
Parte del nombre distinta del elemento de entrada Joseph
Número Koha 19105
702 ## - Nombre personal - Responsabilidad secundaria
Elemento de entrada Hernández
Parte del nombre distinta del elemento de entrada Luisa Josefina
Fechas 1928-2023
Número Koha 8197
801 #0 - Fuente de origen
Agencia cm
900 ## -
-- 1/9255
900 ## -
-- 710934915\\010893
942 ## - ELEMENTOS DE ENTRADA SECUNDARIOS (KOHA)
Tipo de ítem Koha Livre
996 ## -
-- MEX
-- 751145101
-- MMAG
-- 005091
-- 291.13 C187H
-- 20210625LIV
Exemplaires
Estatus retirado Estado de daño Estado de pérdida Fecha de adquisición Biblioteca de origen Biblioteca actual Ubicación en estantería Código de barras Precio de reemplazo Signatura topográfica completa No para préstamo Tipo de ítem Koha Nota pública Nota no pública
      05/08/2025 Casa México Paris Casa México Paris   005091 05/08/2025 291.13 C187H   Livre 20210625LIV 751145101